LIBRARY & INFORMATION CENTRE, KCAET, TAVANUR

ONLINE PUBLIC ACCESS CATALOGUE (OPAC)

Fluid mechanics, fluid machines and hydraulics (Record no. 13933)

MARC details
000 -LEADER
fixed length control field 00363nam a22001457a 4500
020 ## - INTERNATIONAL STANDARD BOOK NUMBER
ISBN 9788123906607
082 ## - DEWEY DECIMAL CLASSIFICATION NUMBER
Classification number 532
Item number GUP/FL
100 ## - MAIN ENTRY--AUTHOR NAME
Personal name Gupta, V.P
245 ## - TITLE STATEMENT
Title Fluid mechanics, fluid machines and hydraulics
250 ## - EDITION STATEMENT
Edition statement 3rd
260 ## - PUBLICATION, DISTRIBUTION, ETC. (IMPRINT)
Place of publication New Delhi
Name of publisher CBS Publishers & Distributors
Year of publication 2009
700 ## - ADDED ENTRY--PERSONAL NAME
Personal name Singh, Alam
700 ## - ADDED ENTRY--PERSONAL NAME
Personal name Gupta, Manish
942 ## - ADDED ENTRY ELEMENTS (KOHA)
Koha item type Books
Holdings
Withdrawn status Lost status Damaged status Collection code Home library Current library Shelving location Date acquired Source of acquisition Cost, normal purchase price Full call number Accession Number Koha item type
      Non-fiction KAUAET KAUAET General Stacks 30/03/2013 Minerva Books 325.00 532 GUP/FL 23769 Books
free website counter